000 00451nam a2200157 a 4500
001 000043783
005 20201002044951.0
008 140429s2014 dr 000 0 spa d
020 _a9789945080322
040 _aDO-SdBNP
_bspa
_cBNPHU
100 1 _aT. M., Edwar
_971621
245 1 0 _aEdartena :
_bCancionero. /
_cEdwar T. M.
260 _aSanto Domingo, :
_b[s.d.],
_c2014.
300 _a49 p. ;
_c22 cm.
500 _aIncluye datos biografícos del autor
999 _c43272
_d43272